00230nam a2200085Ia 4500001000800000005001700008008004100025245005800066260002000124125115420251031150910.0251031s9999 xx 000 0 und d 0cÇİĞDEM ÇINGIL BARIŞaI-4 DAHA YAKINDAN BAK! bCEZVE YAYINLARI